|
|
|
|
| LEADER |
01048nam a22002777a 4500 |
| 001 |
35654 |
| 003 |
BD-DhAAL |
| 005 |
20211201100613.0 |
| 008 |
191106r20032002ii ||||| |||| 00| 0 eng d |
| 999 |
|
|
|c 41772
|d 41772
|
| 020 |
|
|
|a 9780706928044
|
| 020 |
|
|
|a 8125912932
|
| 040 |
|
|
|a BD-DhAAL
|
| 082 |
|
|
|a 370.1
|
| 100 |
|
|
|a Aggrawal, J C
|9 36858
|
| 245 |
|
|
|a Theory and principles in education :
|b philosophical and sociological bases of education /
|c J C Aggrawal
|
| 260 |
|
|
|a New Delhi :
|b Vikas Pub. House,
|c c1985 [ reprint 2003 ]
|
| 300 |
|
|
|a 361 pages ;
|c 22 cm.
|
| 526 |
|
|
|a BIED
|
| 541 |
|
|
|a Complimentary copy from BIED
|e 35654
|
| 650 |
|
|
|a Education
|x Philosophy
|9 36859
|
| 650 |
|
|
|a Education For teaching
|9 36860
|
| 650 |
|
|
|a Social science
|9 36861
|
| 852 |
|
|
|a Ayesha Abed Library
|c BIED Collection
|
| 942 |
|
|
|2 ddc
|c BK
|
| 952 |
|
|
|0 0
|1 0
|2 ddc
|4 0
|6 370_100000000000000_AGG
|7 0
|9 67054
|a BRACUL
|b BRACUL
|c GEN
|d 2019-11-06
|e Complimentary copy from BIED
|l 0
|o 370.1 AGG
|p 3010035654
|r 2019-11-06
|t 1
|w 2019-11-06
|y BK
|x Transferred from BIED to General Stacks
|